Women in new religions : in search of community, sexuality and spiritual power
Αποθηκεύτηκε σε:
| Κύριος συγγραφέας: | |
|---|---|
| Άλλοι συγγραφείς: | |
| Μορφή: | Βιβλίο |
| Γλώσσα: | English |
| Δημοσίευση: |
Hampshire :
Macmillan Press,
c1997
|
| Θέματα: | |
| Ετικέτες: |
Προσθήκη ετικέτας
Δεν υπάρχουν, Καταχωρήστε ετικέτα πρώτοι!
|
MARC
| LEADER | 00000nam a2200000 i 4500 | ||
|---|---|---|---|
| 001 | 1/90780 | ||
| 008 | 991001s1997 eng d | ||
| 020 | |a 0-333-69206-3 | ||
| 035 | |l 10053263 | ||
| 040 | |a GR-MY-UA |b gre |e aacr | ||
| 041 | 0 | |a eng | |
| 082 | 0 | |a 291.046082 | |
| 100 | 1 | |a Puttick, Elizabeth |d 1952- | |
| 245 | 1 | 0 | |a Women in new religions : |b in search of community, sexuality and spiritual power / |c Elizabeth Puttick ; foreword by Ursula King; consultunt editor Jo Campling |
| 260 | |a Hampshire : |b Macmillan Press, |c c1997 | ||
| 300 | |a 282 p. | ||
| 504 | |a Includes bibliographical references (p. 263-274) and index | ||
| 650 | 0 | 0 | |a Women and religion. |
| 650 | 0 | 0 | |a Sects |x History |y 20th century. |
| 650 | 0 | 0 | |a Cults |x History |y 20th century. |
| 700 | 1 | |a Campling, Jo. |4 edt | |
| 852 | |a INST |b LESVOS |e 19991001 |h 291.046082 PUT |p 005100019116 |q 005100019116 |t BK |y 0 | ||
| 901 | |a BIBL1-1999-3 | ||
| 909 | |a Λ |b 066709 | ||
| 922 | |a 1ΕΛΗ |b 199907 |c ΚΠΣ/ΤΚ |d ΠΑΠΑΣΩΤΗΡΙΟΥ | ||
| 950 | |a 103-1998-07-27 | ||
| 970 | |a ΤΖΑΦΕΡΗ |b ΕΥΑΓΓΕΛΙΑ |z 1999/10/26 | ||